000 01281nam a2200397 i 4500
001 11154
003 KOSZ 005
005 20210805144109.0
008 071021s1966 pl a f 001 0 pol
015 _aPB 1966/8224
040 _aWA N
_cKOSZ 005/RW
_dKOSZ 005/RW
_dKOSZ 005/HR
046 _k1950
080 _a514.14
080 _a(075.8)
100 1 _aSzerszeń, Stanisław
_d(1899-1975).
_eAutor
245 1 0 _aNauka o rzutach /
_cStanisław Szerszeń.
250 _aWyd. 6 nie zmien.
260 _aWarszawa :
_bPaństwowe Wydawnictwo Naukowe,
_c1966.
300 _a432 s. :
_bil. ;
_c24 cm.
336 _2rdacontent
_aTekst
_btxt
337 _2rdamedia
_aBez urządzenia pośredniczącego
_bn
338 _2rdacarrier
_aWolumin
_bn
380 _aKsiążki.
380 _aPublikacje dydaktyczne.
385 _mPoziom nauczania.
_aSzkoły wyższe.
388 _a1901-2000
388 _a1945-1989
504 _aIndeks.
658 _aMatematyka
655 4 _aPodręczniki akademickie
650 4 _aGeometria wykreślna
650 4 _aGeometria rzutowa
710 2 _aPaństwowe Wydawnictwo Naukowe
_4pbl.
856 _uhttp://koha.tu.koszalin.pl/cgi-bin/koha/opac-detail.pl?biblionumber=11154
_yKatalog online BPK
942 _2UKD
_cKS
999 _c11154
_d11154